Golf : steps to success
| Main Author: | |
|---|---|
| Other Authors: | |
| Format: | Book |
| Language: | English |
| Published: |
Champaign :
Human kinetics ,
2005
|
| Subjects: |
MARC
| LEADER | 00000cam a2200000 7i4500 | ||
|---|---|---|---|
| 001 | 0000019686 | ||
| 005 | 20090408.0 | ||
| 008 | 090407s -usa eng | ||
| 020 | |a 9780736059022 , |c RM70.15 | ||
| 040 | |a INS | ||
| 090 | 0 | 0 | |a GV965 |b S34 2005 |
| 100 | 1 | |a Schempp, Paul G | |
| 245 | 1 | 0 | |a Golf : |b steps to success |c Paul G.Schempp, Peter Mattsson |
| 260 | |a Champaign : |b Human kinetics , |c 2005 | ||
| 300 | |a xxv, 163p. : |b ill. ; |c 28cm. | ||
| 650 | 0 | |a Golf | |
| 700 | 1 | |a Mattsson, Peter | |
| 999 | |a 0000020714 |b BOOK |c Open Shelf |e Default branch | ||